| 000 -LEADER |
| fixed length control field |
00941nam a22002297a 4500 |
| 005 - DATE AND TIME OF LATEST TRANSACTION |
| control field |
20221216095630.0 |
| 008 - FIXED-LENGTH DATA ELEMENTS--GENERAL INFORMATION |
| fixed length control field |
221216b ||||| |||| 00| 0 eng d |
| 020 ## - INTERNATIONAL STANDARD BOOK NUMBER |
| International Standard Book Number |
9781634506656 |
| 040 ## - CATALOGING SOURCE |
| Transcribing agency |
KH8 |
| 082 ## - DEWEY DECIMAL CLASSIFICATION NUMBER |
| Classification number |
794.8 MIL |
| 100 ## - MAIN ENTRY--PERSONAL NAME |
| Personal name |
Miller, Megan |
| Relator term |
Author |
| 245 ## - TITLE STATEMENT |
| Title |
Hacks for Minecrafters : the unofficial guide to tips and tricks that other guides won't teach you. Redstone/ |
| Statement of responsibility, etc. |
Megan Miller. |
| 260 ## - PUBLICATION, DISTRIBUTION, ETC. |
| Place of publication, distribution, etc. |
New York: |
| Name of publisher, distributor, etc. |
Sky Pony Press, |
| Date of publication, distribution, etc. |
2015. |
| 300 ## - PHYSICAL DESCRIPTION |
| Extent |
120 pages; |
| Other physical details |
color illustrations: |
| Dimensions |
24 cm. |
| 440 ## - SERIES STATEMENT/ADDED ENTRY--TITLE |
| Title |
Minecraft |
| 505 ## - FORMATTED CONTENTS NOTE |
| Formatted contents note |
Redstone power<br/>Redstone dust and signals<br/>Redstone devices<br/>Auto smelter<br/>TNT cannon<br/>Superfast mini farm<br/>Combination lock<br/>Automatic storage system<br/>Mob crusher<br/>Vending machine |
| 521 ## - TARGET AUDIENCE NOTE |
| Target audience note |
Juvenile works |
| 650 ## - SUBJECT ADDED ENTRY--TOPICAL TERM |
| Topical term or geographic name entry element |
Entertainment and Games Juvenile literature |
| 650 ## - SUBJECT ADDED ENTRY--TOPICAL TERM |
| Topical term or geographic name entry element |
Games and activities Video and Electronic games |
| 650 ## - SUBJECT ADDED ENTRY--TOPICAL TERM |
| Topical term or geographic name entry element |
Juvenile literature |
| 942 ## - ADDED ENTRY ELEMENTS (KOHA) |
| Source of classification or shelving scheme |
|
| Koha item type |
Books - Non Ficton |